| 000 | 01230nam a2200229Ia 4500 | ||
|---|---|---|---|
| 003 | Ost | ||
| 005 | 20260507075324.0 | ||
| 008 | 260507s9999||||xx |||||||||||||| ||und|| | ||
| 020 | _a94722499579 | ||
| 040 | _cfsecg | ||
| 041 | _aara | ||
| 082 | _a658.00285 | ||
| 100 |
_aالشبلي، هيثم _eمؤلف |
||
| 245 | 0 |
_aالحاسوب : _bنماذج و تطبيقات في إدارة الأعمال و التسويق / _c هيثم الشبلي |
|
| 260 |
_aعمان: _bدار صفاء للنشر والتوزيع, _c2009 |
||
| 300 |
_a488 صفحة؛ _bإيضاحات ؛ _c25 سم |
||
| 520 | _aلمحة تاريخية عن تطور الحاسوب و مجالات استخدامه و الخواريزميات و مخططات سير العمليات، أنظمة التشغيل، معالج النصوص ميكروسوفت وورد، تطبيقات معالج النصوص word في العلوم الادارية و التسويق، برنامج إكسل و تطبيقاته في العلوم الادارية و التسويق، التحليل و التنبؤ التسويقي | ||
| 653 | _aإدارة الأعمال | ||
| 653 | _aالتسويق | ||
| 653 | _aالحاسبات الإلكترونية | ||
| 942 | _cكتاب | ||
| 999 |
_c43950 _d43950 |
||